000 02459cam a22004574i 4500
003 PE-LiUPU
005 20250731165521.0
008 150623s r 000 0 d
035 _a(Sirsi) a27476
040 _aPE-LiUPU
_bspa
_cPE-LiUPU
_erda
082 0 4 _a027.485
_bC29
_221
100 1 _aCastro Aliaga, César,
_eautor.
245 1 3 _aLa Biblioteca pública municipal en el Perú /
_cCésar Castro Aliaga.
264 1 _aLima-Perú :
_bClan Gráfico,
_c2002.
300 _a128 páginas :
_bilustraciones, fotos, tablas ;
_c21 cm.
336 _atext
_2rdacontent
337 _aunmediated
_2rdamedia
338 _avolume
_2rdacarrier
504 _aIncluye bibliografía.
505 0 _aBases teóricas de las bibliotecas públicas: evolución del concepto de la biblioteca pública, manifiestos de la UNESCO sobre bibliotecas públicas, perspectivas de la biblioteca pública. La bilioteca pública municipal en el perú: antecedentes de la biblioteca pública municipal en el perú, base legal de la biblioteca pública municipal en el perú. La biblioteca en el perú entre 1943 -1990: escuela nacional de bibliotecarios, fondo san martín, departamento de fomento de bibliotecas populares y escolares, biblioteca pública piloto del callao, oficina nacional de bibliotecas públicas. La biblioteca pública municipal entre 1991 - 2000: lineamientos para el período, convenios de cooperación, mecanismos de promoción de las bibliotecas públicas municipales. Panoramas de las bibliotecas públicas municipales: composición del sistema nacional de bibliotecas, distribución geográfica de las bibliotecas públicas municipales, déficit de bibliotecas públicas municipales.
526 _aSEG44
526 _aSEG26
526 _aP151
526 _aP150
526 _aP149
526 _aP146
526 _aP145
526 _aP126
526 _aP125
526 _aP92
526 _aP75
526 _aP74
526 _aP27
526 _aP15
650 0 4 _aBibliotecas Municipales
_zPerú.
942 _2ddc
_cBOOK
949 _a027.485 C29
_wDEWEY
_c1
_i52752
_lCCODEBUL1
_mBUL
_p5.00
_r0
_sY
_tBOOK
_u2015-06-24
_xBIBLIOTECA
_zUNKNOWN
_0COMPRA
_o.STAFF. Colección General
596 _a1
999 _a027.485 C29
_wDEWEY
_c34619
_i52752
_f2021-11-4
_g4
_lCCODEBUL1
_mBUL
_p5.00
_r0
_sY
_tBOOK
_u2015-6-24
_xBIBLIOTECA
_zUNKNOWN
_0COMPRA
_o.STAFF. Colección General
_d34619
980 _81
_gALBERTO SANCHEZ Responsable de Automatización